000 00954nam a22003257a 4500
001 0052220
003 KOHA_MİRAKIL
005 20260207003833.0
007 ta
008 150629b2013 tu |||gr||||#||||0|tur |
020 _a9786053645122
040 _aTR-BiSEU
_btur
_cTR-BiSEU
_erda
041 0 _atur
044 _ctu
050 _aML910
_b.D46 2013
100 1 _aDemirci, Barış.
245 1 _aViyolonsel için Türk müziği dizileri/
_cBarış Demirci ; Barış Demirci.
264 1 _aAnkara :
_bPegem Akademi Yayıncılık
_c2013
300 _a157 sayfa ;
_c33 cm.
336 _ametin
_btxt
_2rdacontent
337 _aaracısız
_bn
_2rdamedia
338 _acilt
_bnc
_2rdacarrier
500 _aMüzik Notalar.
650 0 _aVioloncello music.
_997426
650 0 _aMusical notation.
_993173
650 0 _aMusic--Turkey.
_963331
650 0 _aMusical intervals and scales.
_993174
650 0 _aMaqām.
_997427
942 _2lcc
_cBK
999 _c52038
_d52038